| 000 | 01174cam a2200397 4500 | ||
|---|---|---|---|
| 001 | 14010 | ||
| 003 | http://catalogue.bnf.fr/ark:/12148/cb47039494h | ||
| 005 | 20260129111922.0 | ||
| 010 |
_a9782493307026 _d12 EUR |
||
| 020 |
_aFR _b02260767 |
||
| 073 | 0 | _a9782493307026 | |
| 090 | _a14010 | ||
| 099 | _o0 | ||
| 100 | _a20220603d2022 m y0frey50 ba | ||
| 101 | 0 | _afre | |
| 102 | _aFR | ||
| 105 | _a||||z 00|a| | ||
| 181 | 0 |
_601 _ai _bxxxe |
|
| 181 |
_602 _ctxt _2rdacontent |
||
| 182 | 0 |
_601 _an |
|
| 182 |
_602 _cn _2rdamedia |
||
| 200 | 1 |
_aImpeccable _bLIVR _eet autres pièces aux pieds légers |
|
| 214 | 0 |
_cQuartett _dDL 2022 |
|
| 214 | 3 | _cImpr. Pulsio | |
| 214 | 0 | _a[Paris] | |
| 214 | 3 | _aParis | |
| 215 | _a1 vol. (81 p.) | ||
| 215 | _d18 cm | ||
| 321 |
_aLa Revue des livres pour enfants _x0398-8384 _c328 |
||
| 323 | _aindéfini | ||
| 333 | _aÀ partir de 15 ans | ||
| 608 |
_aThéâtre _2CNLJ |
||
| 686 |
_a802 _2Cadre de classement de la Bibliographie nationale française |
||
| 700 |
_aNavarro _bMariette _f1980-.... |
||
| 700 |
_316132604 _oISNI0000000071065371 _4070 |
||
| 801 | 0 |
_aFR _bFR-751131015 _c20220603 _gAFNOR _hFRBNF470394940000007 |
|